{"text_format":"3","workbook":"xls","n_sheets":1,"sheets":["Sheet3"],"read":"whole","date_system":"1900","formulas":"cached_only"}

{"sheet":"Sheet3","index":0,"n_rows":20,"n_cols":7,"rows_kept":20,"merged":[[0,0,0,6],[1,5,1,6],[18,0,18,2],[19,0,19,6]],"flags":["formulas_cached_only"]}
["遂溪县城市管理和综合执法局采购工作制服需求清单"]
[{"$nulls":5},"日期：2025年6月24日"]
["项号","货物名称","品牌、规格型号","单位","数量","单价（元）","单项合计金额（元）"]
[1,"春秋茄克式执勤服","标准型号","套",100,395,39500]
[2,"春秋常服配套衬衣","标准型号","件",200,91,18200]
[3,"短袖夏装制式衬衣","标准型号","件",246,80,19680]
[4,"长袖夏装制式衬衣","标准型号","件",246,81,19926]
[5,"单裤","标准型号","条",200,135,27000]
[6,"单皮鞋","标准型号","双",0,0,0]
[7,"硬肩章（含徽）","标准型号","副",200,18,3600]
[8,"软肩章","标准型号","副",200,7,1400]
[9,"套式肩章","标准型号","副",246,5,1230]
[10,"挂式臂章","标准型号","个",246,3,738]
[11,"领花","标准型号","对",200,7,1400]
[12,"硬胸徽","标准型号","枚",200,8,1600]
[13,"软胸徽","标准型号","枚",246,3,738]
[14,"皮带","标准型号","根",0,0,0]
[]
["小 计",{"$nulls":4},"833元/人",135012]
["合计人民币：135012元   （含税）"]